000 01317cam a2200349 i 4500
001 19155051
003 OSt
005 20250204110544.0
008 160628s2015 et a b 000 0 eng
010 _a 2015333472
020 _a9789994455843
040 _aDLC
_beng
_cDLC
_erda
042 _alcode
_apcc
043 _afe-----
_afs-----
050 0 0 _aHD9502.A3542
_bG46 2015
082 _a305.42
_bMIH
245 0 4 _aThe gender-energy nexus in eastern and southern Africa /
_ceditors Pashcal B. Mihyo and Truphena E. Mukuna.
264 1 _aAddis Ababa, Ethiopia :
_bOrganisation for Social Science Research in Eastern and Southern Africa (OSSREA),
_c2015.
300 _axvii, 303 pages :
_billustrations (some color) ;
_c24 cm
336 _atext
_2rdacontent
337 _aunmediated
_2rdamedia
338 _avolume
_2rdacarrier
504 _aIncludes bibliographical references.
650 0 _aWomen in energy development
_zAfrica, Eastern.
650 0 _aWomen in energy development
_zAfrica, Southern.
700 1 _aMihyo, Paschal B.,
_eeditor.
700 1 _aMukuna, Truphena E.,
_eeditor.
710 2 _aOrganization for Social Science Research in Eastern and Southern Africa.
906 _a7
_bcbc
_corigode
_d3
_encip
_f20
_gy-gencatlg
942 _2ddc
_cBK
999 _c4086
_d4086